Vista normal
Vista MARC
Entrada Personal Name
Número de registros utilizados en: 2
001 - CONTROL NUMBER
- control field: 6152
003 - CONTROL NUMBER IDENTIFIER
- control field: OSt
005 - DATE AND TIME OF LATEST TRANSACTION
- control field: 20180716124446.0
008 - FIXED-LENGTH DATA ELEMENTS
- fixed length control field: 061108n| azannaabn |a aaa c
010 ## - LIBRARY OF CONGRESS CONTROL NUMBER
- LC control number: no2006119571
035 ## - SYSTEM CONTROL NUMBER
- System control number: (OCoLC)oca07187121
040 ## - CATALOGING SOURCE
- Original cataloging agency: CU-S
- Language of cataloging: eng
- Description conventions: rda
- Transcribing agency: CU-S
- Modifying agency: ICU
- Modifying agency: Mx-PuUPA
100 1# - HEADING--PERSONAL NAME
- Personal name: Téllez Girón López, Ricardo
375 ## - GENDER
- Gender: hombre
377 ## - ASSOCIATED LANGUAGE
- Language code: spa
- Source of code: MARC code list for languages
400 1# - SEE FROM TRACING--PERSONAL NAME
- Personal name: Girón López, Ricardo Téllez
400 1# - SEE FROM TRACING--PERSONAL NAME
- Personal name: López, Ricardo Téllez Girón
670 ## - SOURCE DATA FOUND
- Source citation: Migración, identidades y percepciones, 2003
- Information found: t.p. (Ricardo Téllez Girón López)
670 ## - SOURCE DATA FOUND
- Source citation: Laberinto sonoro. 2007.
- Information found: t..p. (Ricardo Téllez Girón López)
670 ## - SOURCE DATA FOUND
- Source citation: Biblioteca del congreso (Estados Unidos), 06 noviembre 2017:
- Information found: catálogo electrónico
- Uniform Resource Identifier: https://goo.gl/byCfJZ